000 00889nam a2200205Ia 4500
001 15075
003 GE_BSU
008 181216s||||||||xx |||||||||||||| ||und||
040 _cGE_BSU
080 _a821.353.1-1(092)
100 _aკრებული შეადგინა და წინასიტყვ. დაურთო ალ. შუშანაშვილმა.
245 _aშენ უკვდავების ხარ ბინადარი : ლექსები გალაკტიონზე
245 _cრედ:თ.დაუშვილი;მხატვ:.თ.შარიფაშვილი
260 _aთბილისი
260 _bსაბჭოთა საქართველო
260 _c1982
300 _a430გვ;16სმ,პორტრ.
653 _aტაბიძე, გალაკტიონ;
942 _cBK
999 _c48193
_d48193